| 000 | 00000nam 22000008a 4500 |
| 001 | 9.841621 |
| 003 | CaOODSP |
| 005 | 20221107152131 |
| 007 | cr ||||||||||| |
| 008 | 170914s1984 onc o f000 0 eng d |
| 040 | |aCaOODSP|beng |
| 043 | |an-cn--- |
| 086 | 1 |aR5-371/1984E-PDF |
| 100 | 1 |aDillman, Nicole. |
| 245 | 00|aSummary of five band-level education evaluation studies |h[electronic resource] / |cNicole Dillman. |
| 260 | |a[Ottawa] : |bEvaluation Branch, Corporate Policy, DIAND, |c1984. |
| 300 | |a40 p. |
| 500 | |a"January 1984." |
| 500 | |aDigitized edition from print [produced by Indigenous and Northern Affairs Canada]. |
| 520 | |aThe Department of Indian and Northern Affairs provided financial and technical support to conduct five Band-level education evaluations. |
| 692 | 07|2gccst|aAboriginal youth |
| 692 | 07|2gccst|aEducation |
| 692 | 07|2gccst|aAssessment |
| 710 | 1 |aCanada. |bIndian and Northern Affairs Canada. |
| 856 | 40|qPDF|s1.41 MB|uhttps://publications.gc.ca/collections/collection_2017/aanc-inac/R5-371-1984-eng.pdf |